Informe de práctica supervisada realizado en Instituto Nacional de Seguros, Turrialba (Registro nro. 8078)
[ vista simple ]
| 000 -LEADER | |
|---|---|
| fixed length control field | 00516nmm a22001817a 4500 |
| 005 - DATE AND TIME OF LATEST TRANSACTION | |
| control field | 20160520150127.0 |
| 008 - FIXED-LENGTH DATA ELEMENTS--GENERAL INFORMATION | |
| fixed length control field | 160519b xxu||||| |||| 00| 0 spa d |
| 041 ## - LANGUAGE CODE | |
| Language code of text/sound track or separate title | spa |
| 082 ## - DEWEY DECIMAL CLASSIFICATION NUMBER | |
| Classification number | DE 73 |
| 100 ## - MAIN ENTRY--AUTHOR NAME | |
| Personal name | Castillo Chaves, Dayhana |
| 245 ## - TITLE STATEMENT | |
| Title | Informe de práctica supervisada realizado en Instituto Nacional de Seguros, Turrialba |
| 260 ## - PUBLICATION, DISTRIBUTION, ETC. (IMPRINT) | |
| Year of publication | 2015 |
| 650 ## - SUBJECT ADDED ENTRY--TOPICAL TERM | |
| Topical Term | COSTA RICA |
| 650 ## - SUBJECT ADDED ENTRY--TOPICAL TERM | |
| Topical Term | ADMINISTRACIÓN DE EMPRESAS |
| 650 ## - SUBJECT ADDED ENTRY--TOPICAL TERM | |
| Topical Term | ACTIVOS FIJOS |
| 650 ## - SUBJECT ADDED ENTRY--TOPICAL TERM | |
| Topical Term | INVENTARIO |
| 942 ## - ADDED ENTRY ELEMENTS (KOHA) | |
| Tipo de ítem | Informe de Práctica |
| Withdrawn status | Estado | Estado físico | Not for loan | Precio de compra | Total Checkouts | Total Renewals | Clasificación | Número de inscripción | Date last seen | Date checked out | Price effective from | Tipo de ítem |
|---|---|---|---|---|---|---|---|---|---|---|---|---|
| 62720.00 | 1 | 1 | DE 73 | DE73 | 28/03/2019 | 28/03/2019 | 19/05/2016 | Informe de Práctica |